000 00692nam a2200241Ia 4500
003 OSt
005 20220928121950.0
006 a|||||r|||| 00| 0
007 ta
008 220927b |||||||| |||| 00| 0 eng d
024 _a30629
037 _cTextual
040 _aSDCL
_cSDCL
_beng
041 _2eng
_aeng
082 _aL:5238-424, M4
100 _aStegink Lewis D Ed.
_9455108
245 0 _aAspartame
_b Physiology and biochemistry.
260 _aNew York
_b Marcel Dekker
_c1984
300 _axiii,670p.
_ccm.
700 _a Filer L J Ed.
_9455109
942 _hL:5238-424, M4
_cTEXL
_2CC
999 _c768781
_d768781